| 000 | 00502 a2200193 4500 | ||
|---|---|---|---|
| 020 | _a0521424860 | ||
| 020 | _a0521424860 | ||
| 040 |
_aDLC _bDLC |
||
| 082 | 1 | _a523.1 | |
| 100 | 1 | _aPadmanabhan, Thanu | |
| 245 | 0 | 0 |
_aStructure formation in the universe _cT. Padmanabhan |
| 260 |
_aCambridge : _bCambridge University Press, _c1993 |
||
| 300 |
_axvi, 483 s. : _bdiagr. |
||
| 650 | 0 | _aCosmology | |
| 650 | 0 | _aAstrophysics | |
| 650 | 0 | _aUniversum | |
| 650 | 0 | _aAstrofysik | |
| 942 |
_cBK _k523.1 PAD _2ddc |
||
| 999 |
_c7686 _d7686 |
||